000 00436nam a2200157 4500
001 125888
003 ES-MaACL
005 20230906192721.0
007 t|
008 070214s1970 sp r ||||1| spa d
245 0 0 _aReglamento y Ordenanza del Mercado de S. Agustín.
260 _aGranada :
_bAyuintamiento,
_c1970.
300 _a63 p. ;
_c21 cm.
710 2 _aGranada.
_bAyuntamiento.
_94486
852 _aES-MaACL
_jC-47262
_bR.77949
999 _c125888
_d125888